000 01121cam a22002774a 4500
001 12721504
005 20180120020019.0
008 020327s2003 njuab b 001 0 eng
010 _a 2002025779
020 _a0130668249
035 _a(OCoLC)ocm49513274
040 _aDLC
_cDLC
_dC#P
_dDLC
042 _apcc
050 0 0 _aGB54.5
_b.C48 2003
082 0 0 _a910/.02
_221
100 1 _aChristopherson, Robert W.
245 1 0 _aGeosystems :
_ban introduction to physical geography /
_cRobert W. Christopherson.
250 _a5th ed.
260 _aUpper Saddle River, N.J. :
_bPrentice Hall,
_cc2003.
300 _a1 v. (various pagings) :
_bcol. ill, col. maps ;
_c28 cm.
504 _aIncludes bibliographical references and index.
650 0 _aPhysical geography.
906 _a7
_bcbc
_corignew
_d1
_eocip
_f20
_gz-acqworks
942 _2lcc
_cBOOKS
_hGB 54.5 .C48 2003
_02
999 _c11683
_d11683